000 00568nam a2200217Ia 4500
003 OSt
005 20250730181620.0
008 210423s2003 xx 000 0 und d
020 _a8170337550
040 _cAL
041 _aEnglish
082 _a307.762
_bVYAP
100 _aVYASULU (Vinod)
_9119677
245 _aPanchayats democracy and development
260 _bRawat Publications
_c2003
365 _b395
_cINR
650 _aSociology
_9119678
650 _aUrban Communities
_9119679
906 _ademocracy ; development ; Panchayats
942 _2ddc
_cBK
999 _c173782
_d173782